Hamburg programı (Record no. 5609)

MARC details
000 -BAŞLIK
Sabit Uzunlukta Kontrol Alanı 00929na a2200265 4500
001 - KONTROL NUMARASI
Denetim Alanı 23426
003 - KONTROL NUMARASI IDENTIFIER
Denetim Alanı MIRAKIL
005 - SON İŞLEM TARİHİ VE ZAMANI
Denetim Alanı 20181213155041.0
008 - SABİT-BOY VERİ ELEMANLARI - GENEL BİLGİLER
Sabit Uzunlukta Kontrol Alanı 170926b tu 000 0
020 ## - ULUSLARARASI STANDART KİTAP NUMARASI
Uluslararası Standart Kitap Numarası 9789944115513
040 ## - KATALOGLAMA KAYNAK
Orijinal Kataloglama Ajansı Milas
Kataloglama Dili tur
Metne Dönüştürmek Ajansı TR-AnCHP
041 ## - DİL KODU
Metin / Ses Parça Veya Ayrı Başlığın Dil Kodu tur
245 ## - BAŞLIK TABLOSU
Başlık Hamburg programı
Başlığın Kalan 21. yüzyılda sosyal demokrasi
-- Almanya sosyal demokrat partisinin temel ilkeler programı
Sorumluluk Tablosu, Vb yayına hazırlayan Hakan Tanıttıran
246 ## - UNVAN FORM VARYING
Başlık Doğru / Kısa Başlığı Almanya sosyal demokrat partisinin temel ilkeler programı
246 ## - UNVAN FORM VARYING
Başlık Doğru / Kısa Başlığı 21. yüzyılda sosyal demokrasi
260 ## - YAYIN, DAĞITIM, VB
Yayın, Dağıtım, Vb Yeri İstanbul
Yayıncı, Dağıtıcı, Vs Adı Kalkedon Yayınları
Yayın, Dağıtım, Vb Tarihi 2008
300 ## - FİZİKSEL TANIM
Kapsam 79 s.
Boyutlar 21 sm.
440 ## - SERİSİ TABLOSU / KATMA GİRİŞİ - BAŞLIK
Başlık Kalkedon Yayıncılık
Hacim / Ardışık Tanımı 63
490 ## - SERİSİ TABLOSU
Seri Beyanı Sodev Kitaplığı
Hacim / Ardışık Tanımı 4
500 ## - GENEL NOT
Genel Not GEÇİCİ KATALOG KAYDIDIR.
740 ## - KATMA GİRİŞ - KONTROLSUZ İLGİLİ / ANALİTİK BAŞLIK
Kontrol Edilmeyen / İlgili Analitik Başlıktaki Almanya sosyal demokrat partisinin temel ilkeler programı
740 ## - KATMA GİRİŞ - KONTROLSUZ İLGİLİ / ANALİTİK BAŞLIK
Kontrol Edilmeyen / İlgili Analitik Başlıktaki 21. yüzyılda sosyal demokrasi
942 ## - EKLENDİ GİRİŞ ELEMANLARI (KOHA)
Sınıflandırma Veya Raf Düzeni Kaynak Dewey Decimal Classification
Koha Öğesi Türü Books
999 ## - SİSTEM KONTROL NUMARALARI (KOHA)
Koha Biblionumber 5609
Koha Biblioitemnumber 5609
Holdings
Kalıcı Konum Mevcut Konum Edinme Tarihi Edinim Kaynak Toplam Check-Out'Lar Barkod Tarih Son Görülme İtibaren Geçerli Fiyatlar Koha Öğesi Türü
CHP Kütüphanesi CHP Kütüphanesi 09/26/2017 Bağış   017410 09/26/2017 09/26/2017 Books